| 000 | 00438nam a2200145Ia 4500 | ||
|---|---|---|---|
| 003 | OSt | ||
| 005 | 20260129122034.0 | ||
| 008 | 211028s2018 xx 000 0 und d | ||
| 040 | _cAIMIT LIBRARY | ||
| 041 | _aeng | ||
| 100 |
_aMilan C V; Dhananjaya K. _g1616107 _97863 |
||
| 245 | _aStudy on customer perception on SIP on with reference megha fruit processing pvt ltd / | ||
| 260 |
_aMangalore _bLestan D Souza. _c2018 |
||
| 942 |
_2ddc _cPRO |
||
| 999 |
_c219431 _d219431 |
||